000 01194nam a22002897i 4500
999 _c22748
_d22748
003 AR-CdUCM
008 231030b ||||| |||| 00| 0 eng d
020 _a978-612-47853-0-6
040 _aMUNICIPALIDAD PROVINCIAL DEL CUSCO
_cBIBLIOTECA MUNICIPAL DEL CUSCO
041 _hspa
082 _a638.12 / C25
_bC25
110 _aMunicipalidad Provincial Canchis
_949075
245 _aManual Técnico de Crianza de Abejas :
_bMejoramiento de capacidades técnico productivo de los productores apícolas de la Provincia de Canchis /
260 _aCusco :
_c2018.
300 _a98 páginas. :
_c21cm.
500 _zBibliográfica: página 98
505 _aIntroducción a la apicultura -- Crianza de abejas -- Instalación del colmenar -- Alimentación de la abeja -- Alimentos proteicos -- Sanidad apícola -- Cosecha de productos -- Propóleos
650 _aApicultura
_926670
650 _aProductos apícolas
_949086
650 _aEnfermedades de abejas
_949087
650 _aCosecha sostenimiento y alimentación de abejas
_949088
650 _aAbejas
_926671
650 _a Colmenar
_949089
650 _a Instalación
_949090
942 _2ddc
_cLIBROS
945 _apebm
_d2023-10-30